00488nam a2200193 a 4500001001300000003000900013005001700022008004100039020001000080082001600090100002400106245001700130260005100147300000900198500003500207505001300242650001500255700002400270nice12345678IN_TiNIC20260116011303.0050524s1887 laha grp 000 0 urd  ac10000a297.86bGHU aGhulam, Ahmed Mirza aShahna-E-Haq aLahorebAhmadiyya Anjuman Ishaat-E-Islamc1887 a84p. aincludes index and biblioraphy2 aAppendix aAhmadiyyah1 aGhulam, Ahmed Mirza